Luật sửa đổi, bổ sung một số điều của Luật chứng khoán

Đã lưu trong:
Bibliografiske detaljer
Nhiều tác giả của công ty: Việt Nam (Cộng hoà Xã hội Chủ nghĩa), Quốc hội
Format: Bog
Sprog:Undetermined
Udgivet: Hà Nội Chính trị Quốc gia 2010
Fag:
Tags: Tilføj Tag
Ingen Tags, Vær først til at tagge denne postø!
Thư viện lưu trữ: Trung tâm Học liệu Trường Đại học Cần Thơ
LEADER 00759nam a2200217Ia 4500
001 CTU_173870
008 210402s9999 xx 000 0 und d
020 |c 16000 
082 |a 346.597 
082 |b V308 
110 |a Việt Nam (Cộng hoà Xã hội Chủ nghĩa) 
110 |b Quốc hội 
245 0 |a Luật sửa đổi, bổ sung một số điều của Luật chứng khoán 
245 0 |c Việt Nam (Cộng hoà Xã hội Chủ nghĩa) 
260 |a Hà Nội 
260 |b Chính trị Quốc gia 
260 |c 2010 
650 |a Law,Pháp luật 
650 |z Vietnam,Việt Nam 
904 |i Nguyễn Trung Hiếu, Hải 
980 |a Trung tâm Học liệu Trường Đại học Cần Thơ